|
|
|
|
| LEADER |
01547nam a2200421 a 4500 |
| 001 |
EBC1336263 |
| 003 |
MiAaPQ |
| 005 |
20200520144314.0 |
| 006 |
m o d | |
| 007 |
cr cn||||||||| |
| 008 |
130606s2013 dcua sb i000 0 eng d |
| 010 |
|
|
|z 2013022748
|
| 020 |
|
|
|z 9780821399675
|
| 020 |
|
|
|a 9780821399705 (electronic bk.)
|
| 035 |
|
|
|a (MiAaPQ)EBC1336263
|
| 035 |
|
|
|a (Au-PeEL)EBL1336263
|
| 035 |
|
|
|a (CaPaEBR)ebr10740788
|
| 035 |
|
|
|a (CaONFJC)MIL507109
|
| 035 |
|
|
|a (OCoLC)855022943
|
| 040 |
|
|
|a MiAaPQ
|c MiAaPQ
|d MiAaPQ
|
| 043 |
|
|
|a a-ta---
|
| 050 |
|
4 |
|a HD9685
|b .T3452 2013
|
| 082 |
0 |
4 |
|a 333.793/211
|2 23
|
| 245 |
0 |
0 |
|a Tajikistan's winter energy crisis
|h [electronic resource] :
|b electricity supply and demand alternatives /
|c Daryl Fields ... [et al.].
|
| 260 |
|
|
|a Washington D.C. :
|b World Bank,
|c 2013.
|
| 300 |
|
|
|a xviii, 93 p. :
|b ill.
|
| 490 |
1 |
|
|a A World Bank study
|
| 504 |
|
|
|a Includes bibliographical references.
|
| 533 |
|
|
|a Electronic reproduction. Ann Arbor, MI : ProQuest, 2015. Available via World Wide Web. Access may be limited to ProQuest affiliated libraries.
|
| 650 |
|
0 |
|a Electric utilities
|z Tajikistan.
|
| 650 |
|
0 |
|a Electric power consumption
|z Tajikistan.
|
| 650 |
|
0 |
|a Energy policy
|z Tajikistan.
|
| 650 |
|
0 |
|a Renewable energy sources
|z Tajikistan.
|
| 655 |
|
4 |
|a Electronic books.
|
| 700 |
1 |
|
|a Fields, Daryl.
|
| 710 |
2 |
|
|a ProQuest (Firm)
|
| 830 |
|
0 |
|a World Bank study.
|
| 856 |
4 |
0 |
|u https://ebookcentral.proquest.com/lib/matrademy/detail.action?docID=1336263
|z Click to View
|